000 00450nam a2200193Ia 4500
008 170918s9999 xx 000 0 und d
020 _a9780439597807
050 _bS217 2003
100 _aSandler, Michael
245 _aRobinson Crusoe /
245 _cMichael Sandler.
260 _aNew York :
260 _bScholastic,
260 _c2003
300 _a48 pages :
300 _bcolored illustration ;
300 _c19cm.
500 _a450
999 _c341464
_d341464